Golden State Warriors Nicknames - Statistics

General Stats
  • This quiz has been taken 2,316 times
    61 since last reset
  • The average score is 8 of 10
Answer Stats
Nickname Tenure Player % Correct
Baby-Faced Assassin 2009– Stephen Curry
100%
The Slim Reaper 2016–2019 Kevin Durant
93%
Iggy 2013–2019, 2021–2023 Andre Iguodala
91%
Jimmy Buckets 2024– Jimmy Butler
91%
Sea Captain 2011–2024 Klay Thompson
83%
___ the Stilt 1959–1965 Wilt Chamberlain
81%
The Dancing Bear 2012– Draymond Green
74%
Swaggy P 2017–2018 Nick Young
66%
Maple Jordan 2019–2025 Andrew Wiggins
60%
Spree 1992–1998 Latrell Sprewell
36%
No matching quizzes found
Score Distribution
Percent of People with Each Score
Percentile by Number Answered
Your Score History
You have not taken this quiz since the last reset